Analýza vernostných zliav v súťažnom práve
Gespeichert in:
| 1. Verfasser: | |
|---|---|
| Körperschaft: | |
| Weitere Verfasser: | , |
| Format: | Buch |
| Sprache: | Slowakisch Englisch |
| Veröffentlicht: |
Bratislava
IRIS
2017
|
| Ausgabe: | 1. vyd. |
| Schlagworte: | |
| Tags: |
Keine Tags, Fügen Sie das erste Tag hinzu!
|
MARC
| LEADER | 00000nam a2200000 4500 | ||
|---|---|---|---|
| 001 | 0239889 | ||
| 005 | 20240221112552.4 | ||
| 020 | |a 978-80-8200-004-0 | ||
| 041 | 0 | |a slo | |
| 041 | 0 | |a eng | |
| 044 | |a SK | ||
| 245 | 1 | 0 | |a Analýza vernostných zliav v súťažnom práve |c Rastislav Funta |
| 250 | |a 1. vyd. | ||
| 264 | 1 | |a Bratislava |b IRIS |c 2017 | |
| 300 | |a [151+151] s. | ||
| 610 | 2 | 0 | |a zľavy obchodné |
| 610 | 2 | 0 | |a rabat |
| 610 | 2 | 0 | |a právo súťažné |
| 610 | 2 | 0 | |a právo medzinárodné |
| 610 | 2 | 0 | |a analýza ekonomická |
| 610 | 2 | 0 | |a ceny |
| 610 | 2 | 0 | |a testy |
| 610 | 2 | 0 | |a efektívnosť |
| 610 | 2 | 0 | |a súdy |
| 610 | 2 | 0 | |a zákony |
| 610 | 2 | 0 | |a štúdie prípadové |
| 610 | 2 | 0 | |a právo medzinárodné |
| 610 | 2 | 0 | |a Európska únia |
| 610 | 2 | 0 | |a Amerika |
| 100 | 1 | |a Funta, Rastislav | |
| 700 | 1 | |a Králik, Andrej | |
| 700 | 1 | |a Golovko, Liudmyla | |
| 710 | 2 | |a Vysoká škola Danubius. Právnická fakulta | |